[Event "V Sunway Sitges Open 2018"]
[Site "Sitges"]
[Date "2018.12.19"]
[Round "6"]
[White "Dragnev, Valentin"]
[Black "Lagarde, Maxime"]
[Result "1/2-1/2"]
[WhiteElo "2483"]
[BlackElo "2616"]
[Annotator "TA"]
[PlyCount "53"]
[EventDate "2018.12.14"]
[EventType "swiss"]
[EventCountry "ESP"]
[SourceTitle "playchess.com"]
[Source "ChessBase"]
[SourceQuality "1"]

{[%evp 23,53,10,12,11,17,7,17,15,33,29,37,38,46,24,75,63,63,63,63,63,83,63,63,0,0,0,66,0,0,0,66,0]} 1. d4 Nf6 2. c4 g6 3. Nc3 d5 4. Bf4 Bg7 5. e3 O-O 6. cxd5 Nxd5 7. Nxd5 Qxd5 8. Bxc7 Na6 9. Bxa6 Qxg2 10. Qf3 Qxf3 11. Nxf3 bxa6 12. Rc1 a5 {LiveBook: 11 Games} 13. Ne5 {D84: Grünfeld: 4 Bf4 Bg7 5 e3 0-0 6 cxd5} Bxe5 (13... a4 14. a3 f6 15. Nc6 Bb7 16. O-O Kf7 17. Rc3 Rfc8 18. Na5 Bf3 19. Re1 e5 20. dxe5 fxe5 {½-½ (41) Giri,A (2771)-Nepomniachtchi,I (2732) Leuven 2017}) 14. Bxe5 Be6 $146 ({Predecessor:} 14... a4 15. Kd2 f6 16. Bc7 Be6 17. a3 Bd7 18. Rc5 Rac8 19. h4 h6 20. e4 Kf7 {½-½ (72) Souto,A (2195)-Pernigotti,N ICCF email 2013}) 15. a3 {The position is equal.} Rfc8 16. Kd2 Rxc1 17. Rxc1 $11 {[%mdl 4096] Endgame KRB-KRB} Rc8 18. Bc7 f5 (18... a4 $11) 19. Rc5 a4 20. Kc3 Kf7 21. Kb4 Bb3 22. Kb5 Ke6 23. Kc6 Bd5+ $1 24. Kb5 Bb3 25. Kc6 Bd5+ $1 26. Kb5 Bb3 27. Kc6 {Accuracy: White = 49%, Black = 58%.} (27. h4 $14) 1/2-1/2

[Event "V Sunway Sitges Open 2018"]
[Site "Sitges"]
[Date "2018.12.19"]
[Round "6"]
[White "Gukesh, D."]
[Black "Peralta, Fernando"]
[Result "0-1"]
[WhiteElo "2466"]
[BlackElo "2584"]
[Annotator "TA"]
[PlyCount "72"]
[EventDate "2018.12.14"]
[EventType "swiss"]
[EventCountry "ESP"]
[SourceTitle "playchess.com"]
[Source "ChessBase"]
[SourceQuality "1"]

{[%evp 24,72,-39,-42,-40,-55,-52,-69,-65,-63,-58,-54,-50,-52,-53,-62,-36,-36,-29,-31,-38,-77,-73,-83,-99,-127,-122,-120,-76,-116,-113,-273,-271,-260,-258,-274,-247,-383,-391,-1308,-941,-1375,-1372,-1339,-1335,-1317,-1312,-1279,-1238,-1158,-1070]} 1. e4 e6 2. d4 d5 3. Nd2 c5 4. dxc5 Bxc5 5. exd5 exd5 6. Nb3 Bb6 7. Nf3 Nf6 8. Bb5+ Nc6 {C08: French Tarrasch: 3...c5 4 exd5 exd5 sidelines} 9. O-O (9. Qe2+ Ne4 10. Be3 O-O 11. O-O-O Nb4 12. Kb1 a6 13. Bd3 Bf5 14. Nfd4 Bg6 15. f4 Bxd4 16. Nxd4 {½-½ (69) Movsesian,S (2632)-Boruchovsky,A (2542) Batumi 2018}) 9... O-O 10. c3 Bg4 11. Be2 Re8 12. Nbd4 Nxd4 13. cxd4 {LiveBook: 3 Games} Ne4 $146 ({Predecessor:} 13... Qd6 14. Be3 Bc7 15. g3 Qb6 16. Qb3 Qxb3 17. axb3 Ne4 18. Kg2 {½-½ (40) Atabayev,M (2477)-Martynov,P (2405) Budapest 2014}) 14. Be3 Nd6 15. Ne5 Bxe2 16. Qxe2 f6 17. Nf3 $1 Qd7 18. Qd3 Re7 19. Bd2 {[%cal Be3d2,Bd2b4,Bb4c5][%mdl 32]} Rae8 20. Bb4 Re4 21. Bc5 Bc7 22. g3 Nf5 23. Rac1 Bb8 24. Rfe1 h5 25. Qf1 Qe6 26. Rcd1 h4 27. a4 $2 (27. Bb4 $17) 27... hxg3 $19 28. hxg3 {[#]} Bxg3 $1 {[%mdl 512]} 29. fxg3 Nxg3 30. Qf2 (30. Qg2 $142 Ne2+ 31. Kh2 (31. Kh1 $2 g5 $19)) 30... Ne2+ ({And not} 30... Qh3 31. Qg2 $11) 31. Kh2 $2 (31. Kf1 g5 32. Bb4) 31... Qg4 {( -> ...Qh5+). Black is clearly winning.} 32. Qg2 Qf4+ 33. Kh1 Ng3+ 34. Kg1 Re2 35. Qf2 R8e4 36. Rxe2 Rxe2 {Accuracy: White = 51%, Black = 88%.} 0-1

[Event "V Sunway Sitges Open 2018"]
[Site "Sitges"]
[Date "2018.12.19"]
[Round "6"]
[White "Pogonina, Natalija"]
[Black "Edouard, Romain"]
[Result "0-1"]
[WhiteElo "2465"]
[BlackElo "2644"]
[Annotator "TA"]
[PlyCount "68"]
[EventDate "2018.12.14"]
[EventType "swiss"]
[EventCountry "ESP"]
[SourceTitle "playchess.com"]
[Source "ChessBase"]
[SourceQuality "1"]

{[%evp 28,68,47,39,47,29,44,15,35,33,50,55,54,48,43,0,7,-32,-25,-72,-38,-94,-110,-108,-106,-106,-109,-103,-86,-313,-270,-440,-436,-1135,-700,-1135,-1107,-29971,-29973,-5293,-1073,-847,-672]} 1. d4 Nf6 2. c4 e6 3. Nf3 c5 4. d5 d6 5. Nc3 exd5 6. cxd5 g6 7. Bf4 a6 8. a4 Bg7 9. h3 O-O 10. e3 Re8 {A61: Modern Benoni: Nf3 without early e4} 11. Nd2 Nbd7 12. Be2 Ne5 13. O-O Nfd7 14. Bh2 f5 15. Re1 {LiveBook: 11 Games} b6 16. Bf1 {[#]} Nf7 $146 ({Predecessor:} 16... Nf6 17. Qb3 Rb8 18. Rad1 {1-0 (45) Percivaldi,M (2246)-Fier,A (2624) Koge 2015}) 17. Qc2 Rb8 18. e4 fxe4 19. Ndxe4 Nf6 20. Nxf6+ Bxf6 21. Ne4 Bd4 22. Rad1 {[#] Black must now prevent Rxd4!} Bf5 $1 {Hoping for ...Ng5.} 23. Bxa6 Ng5 24. Bd3 ({Better is} 24. Rxd4 $1 $15 cxd4 25. f3) 24... Nxe4 $17 25. Bxe4 Qe7 26. Rxd4 cxd4 27. f3 Rbc8 $36 {[%mdl 2048] Black is really pushing.} 28. Qf2 $2 (28. Qd2 $17 {only move.}) 28... d3 {[%cal Bd4d3,Bd3d2][%mdl 32] And now ...Rc2 would win.} 29. Bg3 $2 (29. Bf4 {is a better defense.} Rc2 30. Qf1) 29... Rc2 $19 ({Less strong is} 29... Bxe4 30. Rxe4 Qg5 31. Bf4 $19) 30. Qxb6 (30. Qe3 $142 d2 31. Rd1 Bxe4 32. fxe4 Qxe4 33. Qxe4 Rxe4 34. Kf2) 30... Bxe4 31. fxe4 d2 32. Rf1 Rc1 33. Qd4 Rxf1+ (33... Qf7 $142 34. Bf2 Qf4) 34. Kxf1 {[#]} Qf6+ $1 {[%mdl 576] Promotion. Accuracy: White = 20%, Black = 55%.} 0-1

[Event "V Sunway Sitges Open 2018"]
[Site "Sitges"]
[Date "2018.12.19"]
[Round "6"]
[White "Wang, Kevin"]
[Black "Sreeshwan, Maralakshikari"]
[Result "1-0"]
[WhiteElo "2449"]
[BlackElo "2244"]
[Annotator "TA"]
[PlyCount "71"]
[EventDate "2018.12.14"]
[EventType "swiss"]
[EventCountry "ESP"]
[SourceTitle "playchess.com"]
[Source "ChessBase"]
[SourceQuality "1"]

{[%evp 19,71,11,14,0,57,62,52,-14,16,-5,-16,-10,12,17,30,4,110,109,159,143,134,139,168,154,177,164,169,169,199,198,179,167,163,173,230,229,232,237,255,248,359,192,909,904,832,853,853,848,1099,1089,6070,1050,5169,5165]} 1. d4 d5 2. c4 c6 3. Nf3 Nf6 4. e3 e6 5. b3 Nbd7 6. Bb2 b6 7. Bd3 Bd6 8. O-O O-O 9. Nc3 Bb7 10. Qc2 Re8 {LiveBook: 7 Games. D45: Semi-Slav: 5 e3} (10... Qe7 11. Rad1 Rfe8 12. e4 dxc4 13. Bxc4 b5 14. Bd3 e5 15. Ne2 c5 16. dxe5 Nxe5 17. Nxe5 Bxe5 18. Bxe5 Qxe5 19. Bxb5 Qxe4 20. Qxe4 Rxe4 {½-½ (31) Shankland,S (2671)-Dreev,A (2653) Havana 2018}) 11. e4 {Black must now prevent e5.} e5 (11... dxc4 $11 12. Bxc4 e5) 12. exd5 $146 ({Predecessor:} 12. Rad1 Rc8 13. exd5 exd4 14. Ne4 Ne5 15. Nxe5 Bxe5 16. f4 Nxe4 17. Bxe4 {1-0 (33) Legky,N (2475)-Flear,G (2475) Laragne 2001}) 12... cxd5 {Threatens to win with ...e4.White is slightly better.} 13. cxd5 ({White should play} 13. Nb5 $14 Bb8 14. dxe5 Nxe5 15. Nxe5 Bxe5 16. Bxe5 Rxe5 17. c5) 13... Rc8 $11 {...e4 is the strong threat.} 14. dxe5 (14. Rfe1 {keeps more tension.} e4 15. Bxe4 Nxe4 16. Rxe4 Rxe4 17. Qxe4 Nf6 18. Qf5) 14... Nxe5 15. Qd1 Nxf3+ 16. Qxf3 Nxd5 17. Bc4 Rxc4 (17... Qh4 $11 {remains equal.} 18. g3 Qf6 19. Qxf6 Nxf6) 18. bxc4 $16 Qh4 {[%csl Gd6][%cal Rh4h2]} 19. h3 Nxc3 20. Qxb7 Ne2+ 21. Kh1 Qf4 {[%csl Gd6][%cal Rf4h2]} 22. g3 Qf5 {[%cal Rf5h3] [#]} 23. Qg2 $1 h6 {[#]} 24. Rad1 $1 {[%cal Rd1d6]} Bb4 25. Rd5 Qc2 26. Re5 Rxe5 (26... Rd8 {keeps fighting.}) 27. Bxe5 $18 Qxc4 28. Rd1 f6 29. Qf3 Qxa2 {[#]} ({Worse is} 29... fxe5 30. Rd8+ Bf8 31. Qxf8+ Kh7 32. Qf5+ g6 33. Qd7+ Qf7 34. Qxf7#) (29... Qe6 $142 30. Rd8+ Kf7 31. Qxe2 Be7) 30. Bxf6 $1 {[%mdl 512]} gxf6 $2 (30... Qe6 31. Rd8+ Bf8 32. Rxf8+ Kxf8 33. Be5+ Kg8 34. Qxe2 Qxh3+ 35. Kg1 Qe6) 31. Qg4+ {White is clearly winning.} Kf7 32. Qxb4 {White wants to mate with Rd7+.} Qe6 33. Kh2 a5 34. Qb2 Qe5 35. Qxb6 (35. Qb3+ $142 Ke7 36. Qxb6) 35... Nxg3 36. Qb3+ {Accuracy: White = 61%, Black = 19%.} 1-0

[Event "V Sunway Sitges Open 2018"]
[Site "Sitges"]
[Date "2018.12.19"]
[Round "6"]
[White "Soumya, Swaminathan"]
[Black "Kulaots, Kaido"]
[Result "0-1"]
[WhiteElo "2428"]
[BlackElo "2555"]
[Annotator "ChessBase"]
[PlyCount "48"]
[EventDate "2018.12.14"]
[EventType "swiss"]
[EventCountry "ESP"]
[SourceTitle "playchess.com"]
[Source "ChessBase"]
[SourceQuality "1"]
[TimeControl "40/5400+30:1800+30"]

1. e4 {[%emt 0:00:16]} c5 {[%emt 0:00:00]} 2. Nf3 {[%emt 0:00:32]} e6 {[%emt 0:00:12]} 3. d4 {[%emt 0:00:27]} cxd4 {[%emt 0:00:08]} 4. Nxd4 {[%emt 0:00:02]} a6 {[%emt 0:00:20]} 5. Bd3 {[%emt 0:00:34]} Ne7 {[%emt 0:00:35]} 6. O-O {[%emt 0:06:52]} Nbc6 {[%emt 0:01:07]} 7. Nxc6 {[%emt 0:01:11]} Nxc6 {[%emt 0:00:18]} 8. Bf4 {[%emt 0:03:42]} Be7 {[%emt 0:05:30]} 9. e5 {[%emt 0:06:13]} d6 {[%emt 0:15:49]} 10. exd6 {[%emt 0:01:19]} Bxd6 {[%emt 0:00:16]} 11. Bxd6 {[%emt 0:00:05]} Qxd6 {[%emt 0:00:09]} 12. Nc3 {[%emt 0:01:13]} Bd7 {[%emt 0:05:23]} 13. Qg4 {[%emt 0:05:38]} O-O {[%emt 0:14:59]} 14. Rad1 {[%emt 0:22:46]} Qe7 {[%emt 0:00:25]} 15. Rfe1 {[%emt 0:05:23]} Rad8 {[%emt 0:03:07]} 16. Qh5 {[%emt 0:06:47]} f5 {[%emt 0:10:15]} 17. f4 {[%emt 0:06:58]} e5 {[%emt 0:02:24]} 18. fxe5 {[%emt 0:06:14]} Qc5+ {[%emt 0:02:24]} 19. Kh1 {[%emt 0:01:00]} Nxe5 {[%emt 0:00:53]} 20. Be2 {[%emt 0:00:12]} Rde8 {[%emt 0:09:27]} 21. Rxd7 {[%emt 0:08:31]} Nxd7 {[%emt 0:00:20]} 22. Qh4 {[%emt 0:07:13]} Ne5 {[%emt 0:02:02]} 23. Rd1 {[%emt 0:00:28]} f4 {[%emt 0:02:11]} 24. h3 {[%emt 0:02:45]} Kh8 {[%emt 0:03:56]} 0-1

[Event "V Sunway Sitges Open 2018"]
[Site "Sitges"]
[Date "2018.12.19"]
[Round "6"]
[White "Low, Zhen Yu Cyrus"]
[Black "Halkias, Stelios"]
[Result "0-1"]
[WhiteElo "2384"]
[BlackElo "2552"]
[Annotator "TA"]
[PlyCount "56"]
[EventDate "2018.12.14"]
[EventType "swiss"]
[EventCountry "ESP"]
[SourceTitle "playchess.com"]
[Source "ChessBase"]
[SourceQuality "1"]

{[%evp 15,56,42,53,36,36,37,46,38,49,40,47,42,45,44,56,52,59,27,35,26,25,24,45,-104,-104,-102,-89,-106,-93,-441,-430,-661,-662,-631,-639,-917,-902,-877,-750,-734,-692,-1510,-1463]} 1. e4 e5 2. Nf3 Nc6 3. Bc4 Nf6 4. d3 Be7 5. O-O d6 6. Re1 O-O 7. a4 Kh8 8. h3 {C55: Two Knights: 4 d3, 4 d4 exd4 5 e5 and Max Lange Attack} (8. Nc3 Ng8 9. Nd5 f5 10. h3 fxe4 11. dxe4 Nf6 12. a5 a6 13. Ra3 Be6 14. Nxf6 Bxc4 15. Nd5 Bb5 {½-½ (67) Caruana,F (2822)-Grischuk,A (2766) Saint Louis 2018}) 8... Be6 {LiveBook: 7 Games} 9. Bxe6 $146 ({Predecessor:} 9. a5 a6 10. Nbd2 Qd7 11. Nf1 Nd4 12. c3 Nxf3+ 13. Qxf3 Rad8 14. Ne3 c6 15. Nf5 d5 {½-½ (15) Gindi,S (2397)-Bitensky,I (2355) Israel 2018}) 9... fxe6 10. c3 {White is slightly better.} Qe8 11. b4 {[%cal Bb2b4,Bb4b5][%mdl 32]} Nh5 12. Na3 Qg6 13. Nc4 Nf4 14. Bxf4 $1 Rxf4 15. b5 Nb8 {[%cal Bc6b8,Bb8d7,Bd7b6,Bb6c4,Bc4b2][%mdl 32]} 16. Ncd2 Nd7 17. d4 Raf8 18. Re3 d5 {[%cal Rd5e4]} 19. exd5 (19. Qe2 $14 {keeps the upper hand.}) 19... e4 $17 ({Much worse is} 19... exd5 $6 20. dxe5 Nc5 21. a5 $14) 20. dxe6 exf3 21. Nxf3 Nb6 {aiming for ...Nc4.} 22. g3 $2 {[%mdl 8192] [#]} (22. Qd3 $17 {is tougher.}) 22... Nc4 $19 {Black is clearly winning.} 23. Rd3 (23. Qe2 $142 Nxe3 24. Ne5 Qxe6 25. gxf4) 23... Nb2 24. Ne5 Qxe6 25. Qh5 Nxd3 26. Nxd3 R4f5 27. Qg4 Qc4 28. Re1 Qxd3 {Precision: White = 34%, Black = 73%.} 0-1

[Event "V Sunway Sitges Open 2018"]
[Site "Sitges"]
[Date "2018.12.19"]
[Round "6"]
[White "O`Donnell, Conor"]
[Black "Beliavsky, Alexander G"]
[Result "1/2-1/2"]
[WhiteElo "2346"]
[BlackElo "2544"]
[Annotator "TA"]
[PlyCount "85"]
[EventDate "2018.12.14"]
[EventType "swiss"]
[EventCountry "ESP"]
[SourceTitle "playchess.com"]
[Source "ChessBase"]
[SourceQuality "1"]

{[%evp 21,85,14,15,16,21,13,21,12,27,15,16,10,21,-6,14,10,28,32,41,12,16,12,16,11,11,11,11,11,11,4,4,9,6,2,33,22,22,22,22,22,22,22,22,22,22,22,22,22,22,16,16,16,16,16,35,16,16,16,16,16,16,16,16,16,16,16]} 1. d4 Nf6 2. c4 e6 3. Nc3 Bb4 4. Qc2 O-O 5. Nf3 d5 6. Bg5 h6 7. Bxf6 Qxf6 8. a3 Bxc3+ 9. Qxc3 c6 10. e3 Nd7 11. cxd5 exd5 12. Bd3 {E35: Nimzo-Indian: Classical: 4...d5 5 cxd5 exd5} (12. Be2 Nb6 13. Ne5 Qg5 14. O-O Bh3 15. Bf3 h5 16. a4 Nd7 17. Nxd7 Bxd7 18. Qb4 Bc8 19. a5 Re8 20. Qd6 a6 21. g3 Bh3 22. Rfe1 Re6 23. Qf4 Qg6 24. Qc7 Rf6 25. Qxb7 Qf5 {0-1 (25) Hernandez Carmenates,H (2582)-Eljanov,P (2716) Sabadell 2008}) 12... c5 13. O-O b6 14. b3 $146 ({Predecessor:} 14. Rac1 c4 15. Bb1 b5 16. Qc2 g6 17. e4 dxe4 18. Qxe4 Nb6 19. Qe3 Kg7 {0-1 (33) Wolkowski,B-Schmoll,H Germany 1997}) 14... Bb7 15. Rac1 Rac8 16. dxc5 bxc5 17. Bb5 Qxc3 18. Rxc3 Nf6 19. Rfc1 c4 20. Nd2 {[%cal Rb3c4]} (20. bxc4 {is more complex.} a6 21. Ba4 Ne4 22. Rb3 Nc5 23. Rbb1) 20... cxb3 21. Nxb3 Rxc3 22. Rxc3 Rc8 23. Rxc8+ Bxc8 $11 {[%mdl 4096] Endgame KBN-KBN} 24. Kf1 Kf8 25. Ke2 Ke7 26. f3 Kd6 27. Kd2 Ng8 28. Kc3 Ne7 29. Nd4 Nf5 30. Nxf5+ Bxf5 {KB-KB} 31. Kd4 Bc8 32. Be8 f6 33. Bf7 Bb7 $1 34. f4 Bc6 35. h4 Bb7 36. Bh5 Bc8 37. Bd1 Ba6 38. Bf3 Bb7 {The position is equal.} 39. g3 Bc6 40. Be2 Bb7 41. Bb5 Bc8 42. Ba4 Bb7 43. Bb3 {Accuracy: White = 54%, Black = 80%.} 1/2-1/2

[Event "V Sunway Sitges Open 2018"]
[Site "Sitges"]
[Date "2018.12.19"]
[Round "6"]
[White "Krishna Teja, N."]
[Black "Keymer, Vincent"]
[Result "1-0"]
[WhiteElo "2340"]
[BlackElo "2508"]
[Annotator "TA"]
[PlyCount "47"]
[EventDate "2018.12.14"]
[EventType "swiss"]
[EventCountry "ESP"]
[SourceTitle "playchess.com"]
[Source "ChessBase"]
[SourceQuality "1"]

{[%evp 25,47,0,1,8,0,0,1,4,7,0,14,10,10,11,18,0,0,0,18,39,973,972,877,850]} 1. Nf3 d5 2. d4 Nf6 3. c4 e6 4. Nc3 c5 5. cxd5 Nxd5 6. e4 Nxc3 7. bxc3 cxd4 8. cxd4 Bb4+ 9. Bd2 Bxd2+ 10. Qxd2 O-O 11. Bc4 Nd7 12. O-O {D41: Queen's Gambit Declined: Semi-Tarrasch with 5 cxd5} b6 13. d5 (13. Rad1 Bb7 14. Rfe1 Rc8 15. Bb3 Re8 16. h3 Nf6 17. Qf4 Nh5 18. Qh2 h6 19. d5 exd5 20. e5 g6 21. Nd4 Ng7 22. Nb5 {½-½ (54) Mamedyarov,S (2820)-Ding,L (2804) Batumi 2018}) 13... Nf6 {LiveBook: 9 Games} 14. Qf4 {The position is equal.} exd5 15. Rad1 {[%cal Re4d5]} Bb7 16. exd5 {White wants to play d6.} Rc8 {[%cal Rf6d5]} 17. d6 Bxf3 18. gxf3 Nh5 $146 ({Predecessor:} 18... Qd7 19. Rd4 Rc5 20. Bd3 Re8 {½-½ (37) Henneberke,F-Sosonko,G Leeuwarden 1973}) 19. Qg4 $36 {[%mdl 2048] White has the initiative.} Rc5 20. Kh1 Nf6 21. Qf4 Qc8 22. Rg1 {Qxf6 would kill now.} Rf5 $2 {[%mdl 8192]} (22... Kh8 $14 23. Bb3 Rf5) 23. Qh6 $1 $18 {[%csl Gg1][%cal Rh6g7]} g6 {[#]} 24. d7 $1 {[%mdl 512]} 1-0

[Event "V Sunway Sitges Open 2018"]
[Site "Sitges"]
[Date "2018.12.19"]
[Round "6"]
[White "Shubin, Kirill"]
[Black "Romanishin, Oleg M"]
[Result "1/2-1/2"]
[WhiteElo "2334"]
[BlackElo "2451"]
[Annotator "TA"]
[PlyCount "58"]
[EventDate "2018.12.14"]
[EventType "swiss"]
[EventCountry "ESP"]
[SourceTitle "playchess.com"]
[Source "ChessBase"]
[SourceQuality "1"]

{[%evp 21,58,31,33,29,35,35,55,55,45,25,28,28,43,35,42,36,26,31,35,6,22,21,29,0,11,13,8,18,20,0,0,0,0,0,0,0,0,0,8]} 1. e4 e5 2. Nf3 Nc6 3. Bb5 a6 4. Ba4 Nf6 5. O-O Be7 6. Re1 d6 7. Bxc6+ bxc6 8. d4 exd4 9. Nxd4 Bd7 10. c4 {C87: Closed Ruy Lopez: Steinitz-type lines after 6 Re1 d6} (10. Nc3 O-O 11. Qf3 Re8 12. h3 h6 13. Bf4 c5 14. Nf5 Bxf5 15. exf5 d5 16. g4 c6 17. b3 Nd7 18. Na4 Bf6 19. Rxe8+ Qxe8 20. Rd1 {0-1 (33) Ivanchuk,V (2726)-Mamedyarov,S (2799) Huaian 2017}) 10... O-O 11. Nc3 Re8 {LiveBook: 10 Games} 12. Qf3 {White is slightly better.} Qb8 13. b3 Qb6 14. Nf5 Bxf5 {[#]} 15. Qxf5 $146 ({Predecessor:} 15. exf5 d5 16. Be3 Qa5 17. Bd4 c5 18. Be5 d4 {½-½ (18) Ulybin,M (2583)-Romanishin,O (2591) Turin 2000}) 15... g6 16. Qf3 Nd7 17. Bb2 Ne5 18. Qe2 Bf6 19. Na4 Qa7 20. Rad1 Re6 21. c5 Nd7 22. Ba3 {[%cal Rc5d6]} Nxc5 {The position is equal.} 23. Bxc5 dxc5 24. Qc4 Bd4 25. b4 {[%cal Ra4c5]} Re5 26. Kh1 Re7 ({Don't go for} 26... Bxf2 $2 27. Rf1 $18) 27. Re2 {[%cal Rb4c5]} Qb7 28. bxc5 Qb5 29. Qc2 Be5 {Accuracy: White = 63%, Black = 57%.} 1/2-1/2

[Event "V Sunway Sitges Open 2018"]
[Site "Sitges"]
[Date "2018.12.19"]
[Round "6"]
[White "Bharath, Subramaniyam H"]
[Black "Henderson De La Fuente, Lance"]
[Result "1/2-1/2"]
[WhiteElo "2234"]
[BlackElo "2484"]
[Annotator "TA"]
[PlyCount "103"]
[EventDate "2018.12.14"]
[EventType "swiss"]
[EventCountry "ESP"]
[SourceTitle "playchess.com"]
[Source "ChessBase"]
[SourceQuality "1"]

{[%evp 12,103,-11,-2,0,-5,-5,-7,-13,-12,-6,-10,-11,-12,-8,-12,-17,-16,0,0,-5,-11,5,-20,0,-13,-10,-16,-14,-19,0,-14,-6,-6,0,-18,0,-20,-20,-27,0,0,0,-24,-13,-25,-9,-16,-19,-19,-14,-18,-6,-4,0,-2,0,-5,-8,-8,-8,-17,0,-17,-24,-20,-22,-52,-19,-18,0,-45,-45,-65,0,-7,0,0,0,0,0,0,0,0,8,8,8,8,8,8,8,8,8,0]} 1. e4 c5 2. Nc3 e6 3. f4 d5 4. Nf3 dxe4 5. Nxe4 Nc6 6. Bb5 Bd7 7. Qe2 {LiveBook: 21 Games. B21: Sicilian: 2 f4 and Morra Gambit} Be7 (7... Nh6 8. Bxc6 Bxc6 9. Ne5 Rc8 10. d3 Nf5 11. Ng5 Rc7 12. O-O Qd5 13. c3 f6 14. Nxc6 Rxc6 {1-0 (65) Lazic,M (2467)-Ernst,S (2538) Novi Sad 2016}) 8. Bxc6 Bxc6 9. Ne5 Qc7 $146 ({Predecessor:} 9... Qd5 10. d3 Rc8 11. O-O Nf6 12. c4 Qd8 13. Nxf7 Kxf7 14. Ng5+ {1-0 (26) Chakravarti,K (2192)-Soumya,R Salem 2000}) 10. d3 Nf6 11. Bd2 O-O 12. O-O-O b5 13. Nxc6 Qxc6 14. Qf3 {[#] aiming for Nxf6+.} Rac8 15. Nxf6+ Bxf6 16. Qxc6 Rxc6 17. Be3 c4 18. dxc4 Rxc4 19. Rhe1 Rfc8 20. Re2 h5 21. Rd3 a6 22. Red2 Kh7 23. Bd4 Kg6 24. Bxf6 Kxf6 $11 {[%mdl 4096] Endgame KRR-KRR} 25. g3 g5 26. fxg5+ Kxg5 27. Kd1 f5 28. Re3 R4c6 29. c3 h4 30. Ke2 hxg3 31. hxg3 Rh8 32. Kf3 Rh1 33. Kg2 Rh8 34. Kf3 Kf6 35. Red3 e5 {[%cal Be6e5,Be5e4][%mdl 32] [#] And now ...e4+ would win.} 36. Rd7 Re6 37. Kg2 Rg8 {Strongly threatening ...f4.} 38. Kf2 e4 39. Re2 Ke5 40. Red2 Kf6 {...e3+ is the strong threat.} 41. Re2 Kg5 42. Ke3 Rh8 (42... Rgg6 $15) 43. Rf2 {The position is equal.} Rh3 44. Rg7+ Kf6 45. Rg8 Ke5 46. Rf4 Rh5 47. Rf2 Rhh6 48. Rg5 Ref6 49. g4 Rh3+ 50. Ke2 {[%cal Rg5f5]} Rg3 51. Rgxf5+ Rxf5 52. gxf5 {Accuracy: White = 58%, Black = 49%.} 1/2-1/2